| 000 | 00415 a2200157 4500 | ||
|---|---|---|---|
| 001 | 154415 | ||
| 040 | _cEscola São Tomás de Aquino | ||
| 100 | _aPAIVA, May Christina Cunha de | ||
| 240 | 1 | 0 |
_a O dia em que uma cidade se desarmou _lpor |
| 245 | 1 | 0 | _a O dia em que uma cidade se desarmou |
| 300 | _a23 | ||
| 362 | 0 | _a2004 | |
| 440 | 1 | _aEditora do Brasil | |
| 697 | _a*LITERATURA INFANTO JUVENIL | ||
| 942 | _cBK | ||
| 999 |
_c154415 _d154415 |
||